| 000 | 00449nam a2200181Ia 4500 | ||
|---|---|---|---|
| 005 | 20251020182605.0 | ||
| 008 | 200515s9999 xx 000 0 und d | ||
| 082 | _aSC/351.890/C25 | ||
| 110 | _aCAPECO | ||
| 245 | 0 | _aEl mercado de edificaciones urbanas en Lima Metropolitana y el Callao | |
| 260 | _aLima | ||
| 260 | _c2001 | ||
| 300 | _a364 | ||
| 650 | _aEDIFICACIONES | ||
| 650 | _aLIMA | ||
| 650 | _aMERCADO DE EDIFICACIONES | ||
| 942 | _cLIB | ||
| 999 |
_c3155 _d3155 |
||